Quizzes
Events
Quiz Creation
Community
Videos
Private Events
Remove Ads
Sign In
Join for FREE
Feedback
Dark Mode
Quiz Categories
Sports
Geography
Music
Movies
Television
Just For Fun
Miscellaneous
History
Literature
Language
Science
Gaming
Entertainment
Religion
Holiday
For Kids
Quiz Lab
Recent
Popular Today
Quiz Kudos Today
Editor Picks
Curator Picks
Quizzes by...
Day
Popularity
Type
Ratings
Length
Year
Community
Subscriptions
Recent Discussions
Orange Saloon
Badges
Playlists
Quests
Create
Leaderboards
Showdown
Live 5
Trivia Bingo
Activity
Puzzle Library
Sporcle Events
Private Events
Virtual Trivia
Globe League
Become a Host
Pub Owners
SporcleCon
Opinionation
Our Games
Videos
Blog
Mobile Apps
Partnerships
Remove Ads and Go Orange
Feedback
Gaming
Video Games
Board Games
Card Games
Pokémon
Mario
Nintendo
Minecraft
Console
Toys
Legend of Zelda
Gaming
Video Games
Board Games
Card Games
Pokémon
Mario
Nintendo
Minecraft
Console
Toys
Legend of Zelda
Random Quiz
Search Sporcle
×
Quiz Lab
Quiz Lab
Gaming
Maniac
Type in answers that appear in a list
Type in answers that appear in a list
Classic
Best Score? Go Orange.
Resident Evil 4 maniac? Stats
Can you name the answers to the Resident Evil 4 trivia?
By
AbbsOSteel
2m
13 Questions
2,523 Plays
2,523 Plays
2,523 Plays
Comments
Comments
Give Quiz Kudos
Give Quiz Kudos
-
- Ratings
hide this ad
Replay
Link that replays current quiz
Next Quiz
Link to next quiz in quiz playlist
You Got
0%
They Got
Avg Score
73%
Avg Friend Score
Upgrade to see
Score Distribution
Jump to the score distribution portion of the page
Score
0/13
Timer
02:00
0
Plays Today
Question
Answer
% Correct
Leon Kennedy is a reoccuring character from which previous game?
Resident Evil 2
90.2%
What is the name of the castle owner?
Ramon Salazar
90.1%
What is the name of the president's daughter?
Ashley Graham
81.4%
How many blue medallions do you need to shoot to get a free gun?
10
81%
What area of the world is the game set in?
Europe
79.9%
Who is the leader of the religious cult?
Osmund Saddler
79.2%
How old is the castle owner?
20
71.2%
What is the parasite that has infected the villagers called?
Las Plagas
70.8%
What is the name of the religious cult?
Los Illuminados
66.8%
What is the name of the helicopter pilot who comes to save Leon near the end of the game?
Mike
65.5%
What is the village chief's name?
Chief Mendez
65.4%
And what gun do you acquire from this?
Punisher
59.1%
Who is personally killed by the religious cult leader?
Luis Sera
55.1%
Quiz Playlist
Details
Report
Send in Message
Add To Playlist
Classic:
Type in answers that appear in a list
Last Updated: Feb 16, 2017
Quiz Scoreboard
CHALLENGE
Sign Up to Join the Scoreboard
Show All
Scores
Hide
Comments
May contain spoilers
Recently Published
Presidents Visiting Landmarks
by Hejman
History
7m
An Introduction to Baseball
by treessimontrees
Sports
5m
Movies - When Are They Set?
by FPL_Elf
Movies
5m
More to Explore
Quiz From the Vault
Featured Blog Post
Where Did the Easter Bunny Come From?
hide this ad
You Might Also Like...
Tags
Evil
Maniac
resident
Resident Evil
Today's Top Quizzes in Gaming
Browse Gaming
hide this ad
Top Contributed Quizzes in Gaming
1
5-to-1: Consoles
2
Destiny 2 exotic weapons by perk icons
3
7-to-1: Board Game Piece Blitz
4
5-to-1: Legend of Zelda
5
Ultimate Genshin Impact Logic Puzzle (up to 4.3)
6
Franchise by Action Figure
7
Overwatch Logic Puzzle
8
Who's on the WWE 2K24 Cover?
9
Genshin Impact Logic Puzzle Quiz
10
Windmill: Pokémon
Explore More
Trending Topics
Anime
Disney
Marvel
NBA
Harry Potter
Kpop
Crossword
WWE
Puzzle
The Office
Pokémon
Song
Country
Soccer
NFL
hide this ad
More By:
AbbsOSteel
Quiz
Plays
Rating
Category
Featured
Created
Resident Evil 4 maniac?
2,523
2.67
Gaming
Feb 3, 2012
Go to Creator's Profile
Score Distribution
Quiz Creator Spotlight
AbbsOSteel
Follow
Send a Message
Quizzes Created
-
Created Quiz Play Count
-
More By This Creator
Popular Quizzes Today
1
Find the Countries of Europe - No Outlines Minefield
2
Find the US States - No Outlines Minefield
3
The Countries of the World
4
Popular People in 1961
5
Find the US States
6
US States
7
Risky Map Clicking: Biggest States A-Z
8
1-10 Letter E Words III
More Gaming Quizzes
Isogram Nintendo Characters by Picture
Editor's Pick
Trending Quizzes
Risky Map Clicking: Least Populous States A-Z
1-10 Letter F Words
1-10 Letter G Words
One Thing in Common: United Kingdom
Risky Map Clicking: Next State Alphabetically
Recently Updated
Leaping Animals
pecheneg
Reality TV Shows (A-Z)
bhenderson79
Rickey Henderson's Hall of Fame Teammates
pecheneg
Champions League XIs: Arsenal
pecheneg
Quick Pick: Celebrities in WWE's Hall of Fame
aduchscher
A-Z Keypad Blitz II
pecheneg
Multiple Oscar Actors
pecheneg
Mystery Phrase Blitz: Oscar 'Best Actors'
pecheneg
F. Scott Fitzgerald Novels
LTH
Pick 3 Villains
ddd62291
Trending Topics
Marvel
NBA
Anime
Harry Potter
Kpop
Disney
Crossword
Soccer
Pokémon
Song
Country
Puzzle
WWE
NFL
The Office
Your Account Isn't Verified!
In order to create a playlist on Sporcle, you need to verify the email address you used during registration. Go to your
Sporcle Settings
to finish the process.
Report this User
Report this user for behavior that violates our
Community Guidelines
.
Details:
Send Report
Go to the Sporcle.com Mobile Site →
Comments